La legibilidad del mundo / (Record no. 87612)

MARC details
000 -LEADER
campo de control de longitud fija 00791nam a2200241 i 4500
001 - NÚMERO DE CONTROL
campo de control 87612
003 - IDENTIFICADOR DE NÚMERO DE CONTROL
campo de control ES-MaACL
005 - FECHA Y HORA DE LA ÚLTIMA TRANSACCIÓN
campo de control 20250728221708.0
007 - CAMPO FIJO DE DESCRIPCIÓN FÍSICA--INFORMACIÓN GENERAL
campo de control de longitud fija t|
008 - DATOS DE LONGITUD FIJA--INFORMACIÓN GENERAL
campo de control de longitud fija 160302s2000 sp ||||1| spa d
020 ## - NÚMERO INTERNACIONAL ESTÁNDAR DEL LIBRO
Número Internacional Estándar del Libro 84-493-0974-3
100 1# - ENTRADA PRINCIPAL--NOMBRE DE PERSONA
Nombre de persona Blumenberg, Hans.
9 (RLIN) 29590
245 13 - MENCIÓN DEL TÍTULO
Título La legibilidad del mundo /
Mención de responsabilidad, etc. Hans Blumenberg ; [traducción de Pedro Madrigal Devesa.
260 ## - PUBLICACIÓN, DISTRIBUCIÓN, ETC.
Lugar de publicación, distribución, etc. Barcelona :
Nombre del editor, distribuidor, etc. Paidós Ibérica,
Fecha de publicación, distribución, etc. [2000]
300 ## - DESCRIPCIÓN FÍSICA
Extensión 413 p. ;
Dimensiones 23 cm.
490 1# - MENCIÓN DE SERIE
Mención de serie Paidós básica ;
Designación de volumen o secuencia 106
650 #7 - PUNTO DE ACCESO ADICIONAL DE MATERIA--TÉRMINO DE MATERIA
Término de materia o nombre geográfico como elemento de entrada Filosofía de la naturaleza
Fuente del encabezamiento o término embne
9 (RLIN) 12839
650 #4 - PUNTO DE ACCESO ADICIONAL DE MATERIA--TÉRMINO DE MATERIA
Término de materia o nombre geográfico como elemento de entrada Ciencia-
Subdivisión general Filosofía.
9 (RLIN) 10950
700 1# - ENTRADA AGREGADA--NOMBRE PERSONAL
Nombre de persona Madrigal Devesa, Pedro.
9 (RLIN) 158918
830 1# - PUNTO DE ACCESO ADICIONAL DE SERIE-TÍTULO UNIFORME
Título uniforme Paidós básica ;
Designación de volumen o secuencia 106
9 (RLIN) 178397
852 4# - LOCALIZACIÓN
Ubicación ES-MaACL
Número de control de estantería L-30234
Nota libre - Donat. Miguel A. Velasco
Holdings
Estatus retirado Estado de pérdida Estado de daño No para préstamo Biblioteca de origen Biblioteca actual Ubicación en estantería Fecha de adquisición Fuente de adquisición Total de préstamos Signatura topográfica completa Código de barras Visto por última vez Precio de reemplazo Tipo de ítem Koha
        Biblioteca del Ateneo de Madrid Biblioteca del Ateneo de Madrid Depósito 2 02/03/2016     L-30234 1194836 23/02/2023 23/02/2023 Libro impreso